Biblioteca Parlamentaria
Catálogo en línea

Diego García: excusa su ausencia en audiencia Odebrecht (Registro nro. 41750)

000 -CABECERA
Campo de control interno nam a22 7a 4500
005 - FECHA Y HORA DE LA CATALOGACION
Campo de control 20180108093550.0
008 - ELEMENTOS DE LONGITUD FIJA - INFORMACION
Elementos de Longitud Fija - Informaci 180108b xxu||||| |||| 00| 0 eng d
040 ## - ORIGEN DE LA CATALOGACION
Origen de la Catalogación ANE
041 ## - CODIGO DE LENGUAJE
Código de lenguaje del texto Es
082 ## - NUMERO DE CLASIFICACION DECIMAL DEWEY
1ra. Clasificación TV-5853
100 ## - ENTREVISTADO
Entrevistado Garcia, Diego
Rol del entrevistado Procurador
245 ## - TÍTULO GENERAL
Título Diego García: excusa su ausencia en audiencia Odebrecht
260 ## - EDITORIAL
Ciudad Quito
Televisora que emite el programa Teleamazonas-Entrevista
Fecha del Programa 2018-01-05
300 ## - DESCRIPCION
Duración en minutos, horas (del programa) p.
520 ## - RESUMEN
Resumen La participación de la Procuraduría General del Estado en la audiencia de asociación ilícita por el caso de Odebrecht, en el que estuvo acusado el vicepresidente sin funciones Jorge Glas, fue un tema que dio de qué hablar ante la ausencia del máximo representante del organismo y la inasistencia de unos delegados que, por llegar tarde, dejaron al Estado en indefensión. Ante ello, el procurador Diego García se excuso este viernes afirmando que su no participación en esta audiencia se debió a una "decisión de estrategia en el manejo de procesos abiertos" que, ante el universo de casos que tienen, el de Odebrecht era el que menos perjuicio había causado al Estado. Detalló que en este caso el perjuicio era por cerca de los 40 millones mientras que el de Burlington rondaba los 380 millones de dólares, por lo que le dio prioridad a este último y mandó un delegado al primero.
650 ## - DESCRIPTORES - TEMAS
Temas - Descriptores Argumentos Ausencia / Diego Garcia, Procurador Estado / Teleamazonas-Entrevista / casos irregularidades / Procudaruría General / audiencia asociación ilícita / caso Odebrecht / vicepresidente Jorge Glas / ausencia máximo representante / inasistencia delegados / Estado indefensión / decisión estrategia / procesos abiertos / prioridad delegado Burlington /
942 ## - ELEMENTOS DE KOHA
Esquema de Clasificaci
Tipo de Documento Material Multimedia (radio y televisión)
Catalogador IES.
Existencias
Withdrawn status Lost status Fuente de Clasificaci Damaged status Not for loan Ubicaci Biblioteca Fecha de Adquisición Signatura Topogr Código de barras Date last seen Price effective from Tipo de Item
          Biblioteca Asamblea Nacional Biblioteca Asamblea Nacional 2018-01-08 TV-5853 TV-5853 2018-01-08 2018-01-08 Material Multimedia (radio y televisión)
Dirección: Av. 6 de Diciembre y Piedrahita | Quito - Ecuador
Teléfonos: 593-23991000 Ext: 1147/1148
Correo:
archivo.biblioteca@asambleanacional.gob.ec

Soporte: FusionSolutions Cia. Ltda
archivobiblioteca white

Con tecnología Koha